| 000 | 00000nam##2200000za#4500 |
| 001 | 9.568220 |
| 003 | CaOODSP |
| 005 | 20240215150447 |
| 007 | cr ||||||||||| |
| 008 | 150406|1991||||xxc|||||o f|0| 0 eng|d |
| 040 | |aCaOODSP|beng |
| 043 | |an-cn--- |
| 086 | 1 |aPS83-3/13E-PDF |
| 110 | 2 |aCorrectional Service Canada. |
| 245 | 10|aConditional release supervision standards : |h[electronic resource]|ban update on training for offender risk/needs assessment / |cby Laurence L. Motiuk and Louis Brunet. |
| 260 | |bCorrectional Service Canada |cJanuary 1991. |
| 300 | |a22p.|btables |
| 490 | 1 |aResearch report|v[R-13] |
| 590 | |a10-09-Supp|b2010-11-02 |
| 720 | 1 |aMotiuk, Laurence L. |
| 720 | 1 |aBrunet, Louis |
| 775 | 08|tNormes de surveillance applicables à la liberté sous condition : |w(CaOODSP)9.600083 |
| 830 | #0|aResearch report (Correctional Service Canada. Research Branch)|v[R-13]|w(CaOODSP)9.506063 |
| 856 | 40|ahttp://publications.gc.ca|qPDF|s115 KB|uhttps://publications.gc.ca/collections/collection_2010/scc-csc/PS83-3-13-eng.pdf|y[R-13] |